|
|
|
|
| LEADER |
00000nab a2200000 ar4500 |
| 001 |
vtls010058780 |
| 003 |
SK-MaSNL |
| 005 |
20260305033312.0 |
| 008 |
171110c20100126xo dr|n|||||||000 b|slo |
| 038 |
|
|
|a SLLK
|
| 040 |
|
|
|a SLLK
|b slo
|c sllk
|e AACR2
|
| 041 |
0 |
|
|a slo
|
| 044 |
|
|
|a xo
|c SK
|
| 080 |
|
|
|a 796.92
|2 2001
|
| 100 |
1 |
|
|a Solár, František
|4 aut
|9 705180
|
| 245 |
1 |
0 |
|a Sympatické preteky mali zvláštny koniec
|b Ružbašská sedmička
|c František Solár
|
| 611 |
2 |
7 |
|a Ružbašská sedmička
|n (1. :
|d 2010 :
|c Vyšné Ružbachy, Slovensko)
|2 sllk
|9 1613647
|
| 648 |
|
7 |
|a 2010
|2 snkbucl
|9 324355
|
| 650 |
0 |
7 |
|a šport
|2 snkbucl
|9 1042
|
| 650 |
0 |
7 |
|a beh na lyžiach
|2 sllk
|9 3259
|
| 651 |
|
7 |
|a Vyšné Ružbachy (Slovensko)
|2 sllk
|9 22374
|
| 651 |
|
7 |
|a Stará Ľubovňa (Slovensko : okres)
|2 sllk
|9 19196
|
| 773 |
0 |
|
|t Tatranský Korzár
|g Roč. XII, č. 20 (26.1.2010)
|x 1335-7573
|
| 773 |
0 |
|
|i Pril.
|t Ľubovniansky Korzár
|g Roč. II, č. 4 (2010), s. 8
|
| 852 |
|
|
|a SLLK
|b KIS3GCP
|
| 999 |
|
|
|c 3323739
|d 3325669
|